00515nam a2200145Ia 4500008004100000100006400041245006500105250000600170260002500176500002400201650001200225942000700237952010800244999001700352230524s9999 xx 000 0 und d a"Trinity College, London (Based on CBSE Guidelines)"939775 0aASL Assessment of Speaking And Listening Skills XI (With CD) a1 bRachna Sagar Pvt.Ltd aQuantity Number: 1 aEnglish cBK 00104070aTATCLbTATCLcGENd2023-05-24l1p50602q2016-02-24r2024-02-02s2024-02-02w2023-05-24yBK c54029d54029